Villes de France en W (difficile) - Statistiques

Statistiques générales
  • Ce quiz a été pris 29 fois
  • Le résultat moyen est 6 sur 20
Statistiques - réponses
Hint Réponse % Correct
Voisine de Roubaix, partageant son destin de ville d'industrie textile en déclin Wattrelos
85%
Autre ancienne ville d'industrie textile de l'agglomération lilloise, aujourd'hui ville résidentielle tranquille Wasquehal
69%
Cité alsacienne à la frontière, quasiment à l'extrême nord-est du pays, les armées françaises y ont subi un revers décisif durant la guerre de 1870. Wissembourg
58%
Ville du sud de la banlieue lilloise. Une célèbre bataille révolutionnaire de 1793 contre les Autrichiens porte le même nom mais a eu lieu à 100 km de là. Wattignies
50%
Banlieue d'industrie sidérurgique de Metz Woippy
50%
Petite ville boisée et tranquille de l'Essonne, où les avions passent à peine plus haut que les clochers Wissous
46%
Cette ville alsacienne partage son nom avec un ministre condamné dans l'affaire Béthencourt Wœrth
31%
Ville pittoresque sur la Deûle, célèbre pour ses péniches et ses brasseries Wambrechies
27%
Station balnéaire du Pas-de-Calais au centre de la baie entre le cap Blanc-Nez et le cap Gris-Nez Wissant
27%
Petite ville d'industrie proche de Reims, au nom similaire à celui d'une sous-préfecture du département Witry-lès-Reims
27%
Station balnéaire de la Côte d’Opale, connue pour ses plages et ses villas Belle Époque Wimereux
23%
Ancienne cité minière de la banlieue de Mulhouse. Prononciation similaire à la précédente. Wittenheim
23%
6ème ville de Haute-Marne en population, tristement célèbre pour un massacre de 1562 qui déclencha les guerres de Religion en France. Wassy
15%
Moitié française d'une vieille cité flamande d'artisanat textile sur la Lys Wervicq-Sud
15%
Petite ville ouvrière des Ardennes sur la Meuse, voisine de Charleville Warcq
12%
Ville du Haut-Rhin entourée de vignes, voisine de Colmar. En français « le village des vignerons » Wintzenheim
12%
Ville alsacienne pittoresque, à l'ombre de son château médiéval et au pied des Vosges Wasselonne
8%
Cité minière entre Douai et Sin-le-Noble Waziers
8%
Petite cité flamande au cœur du Houtland Wormhout
8%
Petite ville non-loin de Saint-Omer, où le IIIe Reich construisit une base de lancement du V2 Wizernes
4%
Aucun quiz correspondant
Distribution des résultats
% des personnes avec chaque résultat
Percentile par nombre de réponses
Votre historique - résultats
Vous n’avez pas pris ce quiz